000 00485nam a2200193Ia 4500
005 20240708102022.0
008 131103s9999 xx 000 0 und d
040 _aLoreto College
041 _aEnglish
082 _a809
_bFOR
245 4 _aThe Age of Chaucer
_cEdited by Boris Ford
260 _aLondon
_bPenguin Books
_c1959
300 _a496p..
504 _aIncludes index
650 _aChaucer - Criticism
651 _aEnglish literature
850 _aLCBED
942 _cBK
999 _c32998
_d83477